00426nam a2200133Ia 4500008004100000020002100041050001900062245008900081260002600170300002100196500002000217650003000237700002500267151021s9999 xx 000 0 und d a9.780071281e+012 aHB58.7.M 2010  a_Organizational Behavior emerging knowledge and practice for the real world(5th ed)  aUSA McGraw-Hill 2010  axxxii,633p;ill.  aIncludes Index  a_Organizational Behavior  a_Mary AnnVon Glinow